| 000 | 00668nam a2200193 4500 | ||
|---|---|---|---|
| 001 | 108271 | ||
| 003 | ES-MaACL | ||
| 007 | t| | ||
| 008 | 061121s1970 fr r ||||1| fre d | ||
| 100 | 1 |
_aMollat, Michel. _982049 |
|
| 245 | 1 | 0 |
_aOngles bleus Jacques et Ciompi _b: les révolutions populaires en Europe au XVI et XV siècle / _cMichel Mollat, Philippe Wolff. |
| 260 |
_aParís : _bCalmann-Lévy, _c1970. |
||
| 300 |
_a328 p. : _bil. ; _c21 cm. |
||
| 490 | 1 | _aLes grandes vagues révolutionnaires | |
| 700 | 1 |
_aWolff, Philippe. _9117262 |
|
| 830 | 0 |
_aLes grandes vagues révolutionnaires _9185575 |
|
| 852 |
_aES-MaACL _jE-5789 _bR.90100 |
||
| 999 |
_c108271 _d108271 |
||